| 000 | 00733nam a2200241Ia 4500 | ||
|---|---|---|---|
| 003 | OSt | ||
| 005 | 20220928113713.0 | ||
| 006 | a|||||r|||| 00| 0 | ||
| 007 | ta | ||
| 008 | 220927b |||||||| |||| 00| 0 eng d | ||
| 024 | _a37896 | ||
| 037 | _cTextual | ||
| 040 |
_aSDCL _cSDCL _beng |
||
| 041 |
_2eng _aeng |
||
| 082 | _aX9(L:5).1(X)'P, P0 | ||
| 100 |
_aForman Shepard Ed. _9434558 |
||
| 245 | 0 |
_aPromoting reproductive health _b Investing in health for development |
|
| 260 |
_aLondon _bLynne Rienner Publisher _c2000 |
||
| 300 |
_avii,315p _ccm. |
||
| 700 |
_a Ghosh Romita Ed. _9434559 |
||
| 942 |
_hX9(L:5).1(X)'P, P0 _cTEXL _2CC |
||
| 999 |
_c750878 _d750878 |
||